[Event "Maplewood Pro Cup"]
[Site "Montreal CAN"]
[Date "2024.06.02"]
[Round "6.2"]
[White "Noritsyn, Nikolay"]
[Black "Lin, Leo"]
[Result "1-0"]
[WhiteElo "2450"]
[BlackElo "2011"]
[PlyCount "106"]
[EventDate "2024.05.31"]
[EventType "swiss"]
[EventRounds "6"]
[EventCountry "CAN"]

1. e4 c5 2. Nc3 Nc6 3. g3 g6 4. Bg2 Bg7 5. d3 e6 6. Nge2 Nge7 7. O-O O-O 8. Bg5
h6 9. Be3 b6 10. d4 d6 11. a4 Bb7 12. Re1 a6 13. Qd2 Kh7 14. h3 Qc7 15. Rad1
Rad8 16. d5 Ne5 17. b3 exd5 18. exd5 Nf5 19. Bf4 Nd4 20. Nxd4 cxd4 21. Ne2 g5
22. Bxg5 hxg5 23. Qxg5 Ng6 24. Nxd4 Rde8 25. Nc6 Bc8 26. f4 f5 27. Qh5+ Bh6 28.
Kh2 Qg7 29. Qf3 Bd7 30. Qf2 Rg8 31. Rxe8 Rxe8 32. Nd4 Qe7 33. Ne6 b5 34. a5
Bxe6 35. dxe6 Qxe6 36. Qa7+ Re7 37. Qxa6 Qe2 38. Qxd6 Nxf4 39. gxf4 Rg7 40. Rg1
Qf2 41. Qd3 Bxf4+ 42. Kh1 Be3 43. Qf1 Qxg1+ 44. Qxg1 Bxg1 45. Kxg1 Rd7 46. a6
Rd1+ 47. Kf2 Ra1 48. Bb7 Kg6 49. Ke3 Kf6 50. Kd4 Ke6 51. Kc5 Kd7 52. Kb6 b4 53.
a7 Ke6 1-0